| 000 | 00794nam a22002897a 4500 | ||
|---|---|---|---|
| 003 | CHAP | ||
| 005 | 20220329141820.0 | ||
| 008 | 971013s1979 r 00010 d | ||
| 010 | _a74293 | ||
| 011 | _a75265 | ||
| 035 | _a84825 | ||
| 040 | _cCHAP | ||
| 082 |
_a028.7 _bG3 |
||
| 100 | 0 | 0 |
_aGates, Jean Key. _947266 |
| 245 | _aGuide to the use of books and libraries | ||
| 250 | _a4 ed. | ||
| 260 |
_aNew York : _bMcGraw-Hill, _c1979 |
||
| 300 | _a292 p. | ||
| 590 |
_aBATCH-UPD _b10 _c20130110 _lUCH01 _h0234 |
||
| 590 |
_aBATCH-UPD _b10 _c20130110 _lUCH01 _h2113 |
||
| 590 |
_aCONVERSION _b10 _c20130109 _lUCH01 _h1341 |
||
| 650 | 1 | 4 |
_aBibliotecas. _912488 |
| 650 | 1 | 4 |
_aObras de consulta. _982531 |
| 901 | _aBK | ||
| 942 | _cLIBRO | ||
| 949 |
_a028.7 G3 _bBC _cB _d-40367 _eB _h55818 _i84825 _si |
||
| 999 |
_c74293 _d74293 |
||